000 00367nam a2200133 a 4500
001 000030765
005 20200930062510.0
008 110527s1988 dr 000 0 spa d
040 _aDO-SdBNP
_bspa
_cBNPHU
245 0 3 _aEl marcado de las casas.
260 _aSanto Domingo :
_bCopadeba
_bEditorial Amigo del hogar,
_c1988.
300 _a41 p. ;
_c22 cm.
049 _aBNPD
999 _c30257
_d30257